000 00226nam a2200109Ia 4500
100 _aJULEE ROSSO & SHEILA LUKINS
942 _cBK
245 _aTHE SILVER PALATE COOK BOOK
260 _b#N/A
546 _aENGLISH
999 _c18364
_d18364